| 000 | 03867cam a22007694i 4500 | ||
|---|---|---|---|
| 001 | u50129 | ||
| 003 | PE-LiUPU | ||
| 005 | 20250731170453.0 | ||
| 008 | 150706s2003 mx a rb 001 0 spa d | ||
| 020 | _a9684269757 | ||
| 020 | _a9789684269750 | ||
| 035 | _a(Sirsi) i9789684269750 | ||
| 040 |
_aPE-LiUPU _bspa _cPE-LiUPU _dPE-LiUPU _erda |
||
| 049 | _aPRUA | ||
| 082 | 0 | 4 |
_a158.7 _bS74 _221 |
| 082 | 0 | 4 |
_a158.7 _bS77 2002 |
| 100 | 1 |
_aSpector, Paul E., _eautor. |
|
| 245 | 1 | 0 |
_aPsicología industrial y organizacional : _binvestigación y práctica / _cPaul E. Spector. |
| 250 | _a2a edición. | ||
| 264 | 1 |
_aMéxico : _bEl Manual Moderno, _c2002. |
|
| 300 |
_a394 páginas : _bilustraciones ; _c25 centímetros |
||
| 336 |
_atext _2rdacontent |
||
| 337 |
_aunmediated _2rdamedia |
||
| 338 |
_avolume _2rdacarrier |
||
| 504 | _aBibliografía : páginas 333-359. | ||
| 504 | _aÍndice : páginas 375-394. | ||
| 505 | 0 | _aIntroducción -- Métodos de investigación en Psicología I/O -- Análisis de puestos -- Evaluación del desempeño -- Métodos de evaluación para selección y ubicación -- Selección de empleados -- Capacitación -- Teorías de la motivación de los empleados -- Satisfacción laboral y compromiso organizacional -- Conductas productivas y contraproducentes -- Salud y seguridad de los empleados -- Grupos y equipos de trabajo -- Liderazgo y poder en las organizaciones -- Desarrollo y teoría organizacionales. | |
| 526 | _aSEG68 | ||
| 526 | _aSEG70 | ||
| 526 | _aSEG69 | ||
| 526 | _aSEG67 | ||
| 526 | _aSEG43 | ||
| 526 | _aP144 | ||
| 526 | _aP143 | ||
| 526 | _aP131 | ||
| 526 | _aP122 | ||
| 526 | _aP120 | ||
| 526 | _aP117 | ||
| 526 | _aP112 | ||
| 526 | _aP110 | ||
| 526 | _aP106 | ||
| 526 | _aP101 | ||
| 526 | _aP80 | ||
| 526 | _aP59 | ||
| 526 | _aP54 | ||
| 526 | _aP35 | ||
| 526 | _aP33 | ||
| 526 | _aP30 | ||
| 541 | _g001-003364; | ||
| 541 | _g001-036624; | ||
| 541 | _g001-036624; | ||
| 650 | 0 | 4 |
_aAdministración de personal. _94953 |
| 650 | 0 | 4 |
_aPsicología industrial. _9346 |
| 910 | _agl20110907 | ||
| 942 |
_2ddc _cBOOK |
||
| 949 |
_a158.7 S74 2002 _wDEWEY _c1 _iFJ01734 _lCCODEBUJ1 _mBUJ _n3 _p64.00 _q3 _r0 _sY _tBOOK _u2015-10-7 _xSALUD _PP33 _0COMPRA _o.STAFF. Colección General Juliaca |
||
| 949 |
_a158.7 S74 _wDEWEY _c1 _i63629 _d2018-5-28 _e2018-5-27 _f2018-2-11 _g2 _lCCODEBUL1 _mBUL _n21 _p64.00 _q8 _r0 _sY _tBOOK _u2015-7-6 _xSALUD _PP33 _0COMPRA _o.STAFF. Colección Ciencias de la Salud |
||
| 949 |
_a158.7 S77 2002 _wDEWEY _c1 _iFT02501 _lCCODEBUT1 _mBUT _p25.00 _r0 _sY _tBOOK _u2015-9-28 _xSALUD _PP33 _0COMPRA _o.STAFF. Colección Ciencias de la Salud |
||
| 949 |
_a158.7 S77 2002 _wDEWEY _c2 _iFT02335 _lCCODEBUT1 _mBUT _p{Dolar}25.00 _r0 _sY _tBOOK _u2015-9-28 _xSALUD _PP33 _0COMPRA _o.STAFF. Colección General Tarapoto |
||
| 994 |
_aC0 _bPEPRU |
||
| 596 | _a1 2 3 | ||
| 999 |
_a158.7 S74 _wDEWEY _c52538 _i63629 _d52538 _e2018-5-27 _f2021-11-3 _g5 _lCCODEBUL1 _mBUL _n21 _p64.00 _q13 _r0 _sY _tBOOK _u2015-7-6 _xSALUD _zP33 _0COMPRA _o.STAFF. Colección Ciencias de la Salud |
||
| 999 |
_a158.7 S77 2002 _wDEWEY _c1 _iFT02501 _d2022-7-7 _e2022-7-7 _f2019-2-20 _g1 _kCHECKEDOUT _lCCODEBUT1 _mBUT _n2 _p25.00 _rM _sY _tBOOK _u2015-9-28 _xSALUD _PP33 _0COMPRA _o.STAFF. Colección General |
||
| 999 |
_a158.7 S77 2002 _wDEWEY _c2 _iFT02335 _d2018-7-2 _e2018-6-22 _f2019-2-20 _g1 _lCCODEBUT1 _mBUT _n3 _p25.00 _r0 _sY _tBOOK _u2015-9-28 _xSALUD _PP33 _0COMPRA _o.STAFF. Colección General Tarapóto |
||
| 999 |
_a158.7 S74 2002 _wDEWEY _c1 _iFJ01734 _d2019-8-28 _e2019-8-21 _f2022-1-17 _g4 _lCCODEBUJ1 _mBUJ _n15 _p64.00 _q28 _r0 _sY _tBOOK _u2015-10-7 _xSALUD _PP33 _0COMPRA _o.STAFF. Colección General Juliaca |
||
| 980 |
_81 _gALBERTO SANCHEZ Responsable de Automatización |
||